| 000 | 01137nam a2200301 a 4500 | ||
|---|---|---|---|
| 001 | 000008229 | ||
| 005 | 20200929161322.0 | ||
| 008 | 090915s2000 dr a 001 0 spa d | ||
| 020 | _a9993482145 | ||
| 040 |
_aDO-SdBNP _bspa _cBNPHU |
||
| 082 |
_a660.6 _bR669i |
||
| 100 | 1 |
_aRoca, William M. _922310 |
|
| 245 | 1 | 0 |
_aIntroducción a la biotecnología vegetal / _cWilliam M. Roca, Hernando Ramírez. |
| 260 |
_aSanto Domingo : _bCEDAF, _c2000. |
||
| 300 |
_a155 p. : _bil. ; _c28 cm. |
||
| 490 | 1 | _aProyecto ágora | |
| 500 | _aA la cabeza de la portada: Actualización profesional en manejo de recursos naturales, agricultura sostenible y pobreza rural. | ||
| 590 | _aInventariado, 2018/ YL | ||
| 650 | 4 |
_aBiotecnología _922311 |
|
| 650 | 4 |
_aBiotecnología vegetal _922312 |
|
| 650 | 4 |
_aCultivo de tejidos _922313 |
|
| 650 | 4 |
_aGenética de las plantas _922314 |
|
| 650 | 4 |
_aIngeniería genética _922297 |
|
| 700 | 1 | 2 |
_aRamírez, Hernando _922315 |
| 710 | 2 |
_aCentro para el Desarrollo Agropecuario y Forestal. (República Dominicana) _9130 |
|
| 830 | 0 |
_aProyecto ágora _922316 |
|
| 910 | _aValidado. Control de calidad MMOLINA | ||
| 999 |
_c8000 _d8000 |
||